Jupiler Pro League Teams 2024-25 - Statistieken

Algemene statistieken
  • Deze quiz is 64 keer genomen
  • De gemiddelde score is 15 van 16
Antwoordstatistieken
Antwoord % Correct
Club Brugge
100%
KAA Gent
100%
RSC Anderlecht
100%
Antwerp FC
98%
KRC Genk
98%
KV Kortrijk
98%
Beerschot VA
95%
Cercle Brugge
95%
Union Sint-Gillis
95%
Sporting Charleroi
93%
KV Mechelen
91%
Dender EH
89%
STVV
89%
Westerlo
89%
Standard Luik
86%
OH Leuven
84%
Geen overeenkomende quizzen gevonden
Scoreverdeling
Procent van Mensen met Elke Score
Percentiel versus Aantal Correcte Antwoorden
Uw Scoregeschiedenis
U heeft deze quiz nog niet genomen